Statistics for 15 Längste B.-Straßen des Österreichs

Click here to take the quiz!

General Stats

  • This quiz has been taken 12 times
  • The average score is 10 of 15

Answer Stats

HintAnswer% Correct
195kmDonauerStraße (B3)
89%
325,9kmWienerStraße (B1)
89%
133,9kmMariazellerStraße (B20)
78%
157,7kmPackerStraße (B70)
78%
104,2kmZwettlerStraße (B36)
78%
174,8kmBöhmerwaldStraße (B38)
67%
167kmBurgenlandStraße (B50)
56%
135,6kmDrautalStraße (B100)
56%
123,5kmEisenStraße (B115)
56%
116,195kmGailtalStraße (B111)
56%
114kmKatschbergStraße (B99)
56%
107,4kmSüdsteirischeGrenzStraße (B69)
56%
113,4kmThayatalStraße (B30)
56%
166,323kmTirolerStraße (B171)
56%
110kmWechselStare (B54)
44%

Score Distribution

Percentile by Number Answered

Percent of People with Each Score

Your Score History

You have not taken this quiz